Galéria osobností štrbského športu Dušan Pitoňák, severská kombinácia

Bibliographic Details
Main Author: Otčenášová, Ľubomíra (Author)
Format: Article
Language:Slovak
PhysicalDescription:Fotogr.
ISSN:2453-6482
Subjects:

MARC

LEADER 00000nab a2200000 a 4500
001 vtls011624911
003 SK-MaSNL
005 20260303204131.0
008 180907 2017 xo q 000 0 slo
038 |a PPPK 
040 |a PPPKCL  |b slo  |c PPPK  |e AACR2 
041 0 |a slo 
044 |a xo  |c SK 
080 |a 796.962  |2 2011 
080 |a 316.344.6-056.26/.29  |2 2011 
080 |a 796.071.2  |2 2011 
100 1 |a Otčenášová, Ľubomíra  |4 aut  |9 1089061 
245 1 0 |a Galéria osobností štrbského športu  |b Dušan Pitoňák, severská kombinácia  |c Ľubomíra Otčenášová 
300 |b Fotogr. 
600 1 7 |a Pitoňák, Dušan, 1965-  |2 pppkcl  |9 513263 
650 0 7 |a curling  |2 pppkcl  |9 56839 
650 0 7 |a telesne postihnutí  |2 pppkcl  |9 30009 
650 0 7 |a športovci  |2 pppkcl  |9 1043 
650 0 7 |a osobnosti  |2 pppkcl  |9 29820 
651 7 |a Vysoké Tatry (Poľsko a Slovensko : pohorie)  |2 SNKPHgeo  |9 67729 
651 7 |a Štrbské Pleso (Štrba, Slovensko)  |2 pppkcl  |9 174790 
773 0 |t Štrbské noviny : noviny pre občanov Štrby, Tatranskej Štrby a Štrbského Plesa  |g Roč. VI, č. 4 (2017), s. 18  |x 2453-6482 
852 |a PPPK  |b KIS3GCP 
999 |c 2188592  |d 2190522